000 00262nam a2200097Ia 4500
001 1015112
005 20250826230854.0
008 250824s9999 xx 000 0 und d
245 0 _aBOŞA GEÇİRECEK VAKİT YOK
_cURSULA K.LE GUİN
260 _bHEP KİTAP YAYINLARI
999 _c1015112
_d1015112